Lengua vasca de hoy y de mañana (Record no. 110119)

MARC details
000 -LEADER
campo de control de longitud fija 00579nam a2200169 4500
001 - NÚMERO DE CONTROL
campo de control 110119
003 - IDENTIFICADOR DE NÚMERO DE CONTROL
campo de control ES-MaACL
005 - FECHA Y HORA DE LA ÚLTIMA TRANSACCIÓN
campo de control 20230906184958.0
007 - CAMPO FIJO DE DESCRIPCIÓN FÍSICA--INFORMACIÓN GENERAL
campo de control de longitud fija t|
008 - DATOS DE LONGITUD FIJA--INFORMACIÓN GENERAL
campo de control de longitud fija 061121s1971 sp r ||||1| spa d
100 1# - ENTRADA PRINCIPAL--NOMBRE DE PERSONA
Nombre de persona Mokoroa, Justo María.
9 (RLIN) 81834
245 10 - MENCIÓN DEL TÍTULO
Título Lengua vasca de hoy y de mañana
Resto del título : Ocho respuestas al cuestionario de la II Semana de antropologia vasca /
Mención de responsabilidad, etc. Justo-Mari Mokoroa.
260 ## - PUBLICACIÓN, DISTRIBUCIÓN, ETC.
Lugar de publicación, distribución, etc. San Sebastián :
Nombre del editor, distribuidor, etc. Auñamendi,
Fecha de publicación, distribución, etc. 1971.
300 ## - DESCRIPCIÓN FÍSICA
Extensión 116 p. ;
Dimensiones 18 cm.
711 2# - ENTRADA AGREGADA--NOMBRE DE REUNIÓN
Nombre de congreso/reunión o jurisdicción como elemento de entrada Semana de Antropología Vasca (
Número del congreso/reunión o número de parte o sección 2ª)
9 (RLIN) 978
852 ## - LOCALIZACIÓN
Ubicación ES-MaACL
Número de control de estantería C-47581
Sublocalización o colección R.80422
Holdings
Estatus retirado Estado de pérdida Estado de daño No para préstamo Biblioteca de origen Biblioteca actual Ubicación en estantería Fecha de adquisición Fuente de adquisición Total de préstamos Signatura topográfica completa Código de barras Visto por última vez Precio de reemplazo Tipo de ítem Koha
        Biblioteca del Ateneo de Madrid Biblioteca del Ateneo de Madrid Depósito 2 17/01/2008     C-47581 1114888 23/02/2023 23/02/2023 Libro impreso